| 000 | 00464nam a2200157 4500 | ||
|---|---|---|---|
| 999 |
_c8216 _d8216 |
||
| 020 | _a0-087581-338-0 | ||
| 050 | _aRC480 .C26 | ||
| 100 | _aWedding, Danny (editor) | ||
| 245 |
_aCase studies in psychotherapy/ _cedited by Danny Wedding and Raymond J. Corsini. |
||
| 260 |
_aItasca, Ill _bF. E. Peacock Publishers, Inc. _c1989 |
||
| 300 | _a241pg | ||
| 500 | _aincludes index | ||
| 650 | _aPsychotherapy. | ||
| 700 | _aCorsini, Raymond J. (co-editor) | ||
| 942 | _cBK | ||